Lover: All Songs - Statistics

General Stats
  • This quiz has been taken 12 times
  • The average score is 15 of 18
Answer Stats
Track No. Lover % Correct
18 Daylight
100%
3 Lover
100%
16 ME!
100%
8 Paper Rings
100%
15 Afterglow
86%
2 Cruel Summer
86%
13 False God
86%
6 I Think He Knows
86%
17 It’s Nice To Have A Friend
86%
11 London Boy
86%
5 The Archer
86%
4 The Man
86%
14 You Need to Calm Down
86%
9 Cornelia Street
71%
10 Death By A Thousand Cuts
71%
1 I Forgot That You Existed
71%
7 Miss Americana & The Heartbreak Prince
71%
12 Soon You’ll Get Better
57%
No matching quizzes found
Score Distribution
Percent of People with Each Score
Percentile by Number Answered
Your Score History
You have not taken this quiz